000 00684nam a2200205 a 4500
001 000023076
005 20200930021954.0
008 101126s1985 ck a r 000 p spa d
020 _a8433430645
040 _aDO-SdBNP
_bspa
_cBNPHU
082 _aNNN
_bP231a
100 1 _aPariente, Ángel,
_d1937-
_947506
245 1 0 _aAntología de la poesía surrealista en lengua española /
_cÁngel Manuel Aragón Pariente.
260 _aMadrid, (España) :
_bJúncar,
_c1985.
300 _a446, [2] p. :
_bil. ;
_c18 cm.
490 1 _aLos poetas
_v64/65
500 _aIncluye referencias bibliográfica y notas al pie de las páginas.
830 0 _aLos poetas ;
_v64/65
_99199
049 _aBNGR
999 _c22573
_d22573